[Event "Quebec op"]
[Site "Montreal"]
[Date "2023.08.01"]
[Round "5"]
[White "Enkh Amar, Galbadrakh"]
[Black "Turcotte, Jonathan"]
[Result "1-0"]
[WhiteElo "2130"]
[BlackElo "1921"]
[PlyCount "111"]
[EventDate "2023.07.29"]
[EventType "swiss"]
[EventRounds "9"]
[EventCountry "CAN"]
[SourceTitle "CBM 215 Extra"]
[Source "ChessBase"]
[SourceDate "2023.09.30"]
[SourceVersion "1"]
[SourceVersionDate "2023.09.30"]
[SourceQuality "1"]

1. e4 c5 2. Nf3 Nc6 3. d4 cxd4 4. Nxd4 g6 5. Nc3 Bg7 6. Be3 Nf6 7. Bc4 0-0 8. Bb3 Re8 9. 0-0 d6 10. h3 Na5 11. f4 Nxb3 12. axb3 a6 13. Qf3 Qc7 14. b4 Bd7 15. Rae1 Rac8 16. e5 dxe5 17. fxe5 Qxe5 18. Qxb7 Qd6 19. Rd1 Rb8 20. Qa7 Ra8 21. Qc5 Rac8 22. Qxd6 exd6 23. Bf4 d5 24. Nb3 Ne4 25. Nxe4 Rxe4 26. Nc5 Bb5 27. Nxe4 dxe4 28. Rf2 Bxb2 29. c4 Ba4 30. Rxb2 Bxd1 31. b5 axb5 32. cxb5 g5 33. Bxg5 Rb8 34. b6 Rb7 35. Bf4 f5 36. Kf2 Ba4 37. Bc7 Kf7 38. Ke3 Bd7 39. Rd2 Be6 40. Kf4 h6 41. Rd8 Kg6 42. h4 Kf6 43. g3 Kg6 44. Rd6 Kf6 45. Rc6 h5 46. Rd6 Ke7 47. Rd8 Kf6 48. Rd6 Ke7 49. Ke5 Bd7 50. Rd2 Be6 51. Re2 Bd7 52. Re3 Be6 53. Ra3 Bd7 54. Ra8 Be6 55. Bd6+ Kd7 56. Ra7 1-0

[Event "Quebec op"]
[Site "Montreal"]
[Date "2023.07.29"]
[Round "1"]
[White "Zhu, Hong Rui"]
[Black "Enkh Amar, Galbadrakh"]
[Result "1-0"]
[WhiteElo "2176"]
[BlackElo "2130"]
[PlyCount "105"]
[EventDate "2023.07.29"]
[EventType "swiss"]
[EventRounds "9"]
[EventCountry "CAN"]
[SourceTitle "CBM 215 Extra"]
[Source "ChessBase"]
[SourceDate "2023.09.30"]
[SourceVersion "1"]
[SourceVersionDate "2023.09.30"]
[SourceQuality "1"]

1. e4 c6 2. d4 d5 3. exd5 cxd5 4. Bd3 Nc6 5. c3 Nf6 6. Bf4 e6 7. Nd2 Bd6 8. Bg3 0-0 9. Ngf3 Qc7 10. 0-0 e5 11. dxe5 Nxe5 12. Nxe5 Bxe5 13. Bxe5 Qxe5 14. Nf3 Qc7 15. h3 Re8 16. Qa4 Bd7 17. Qd4 h6 18. Rfe1 a6 19. Rxe8+ Rxe8 20. Re1 Rxe1+ 21. Nxe1 Bc6 22. Nc2 Qe7 23. Ne3 Qe6 24. Bf5 Qe7 25. Bc2 Qe6 26. Qf4 Qe7 27. Kh2 Nd7 28. Bb3 Nf6 29. Qg3 Qe6 30. Bc2 Nd7 31. Bf5 Qe7 32. Bxd7 Qxd7 33. Qb8+ Kh7 34. Qe5 Qe6 35. Qxe6 fxe6 36. f4 Kg6 37. Kg3 Kf6 38. Kf2 g5 39. Ng4+ Kf5 40. Nxh6+ Kxf4 41. g3+ Ke4 42. Nf7 Kf5 43. Nd8 e5 44. Ke3 Kf6 45. Nxc6 bxc6 46. b4 Kf5 47. Kd3 Ke6 48. c4 Kd6 49. cxd5 cxd5 50. a4 a5 51. bxa5 Kc5 52. a6 e4+ 53. Ke3 1-0

[Event "Canadian op U2400"]
[Site "Montreal"]
[Date "2014.07.20"]
[Round "2"]
[White "Cloutier, Mathieu"]
[Black "Enkh Amar, Galbadrakh"]
[Result "0-1"]
[WhiteElo "2040"]
[BlackElo "2140"]
[PlyCount "64"]
[EventDate "2014.07.19"]
[EventType "swiss"]
[EventRounds "9"]
[EventCountry "CAN"]
[SourceTitle "EXT 2022"]
[Source "ChessBase"]
[SourceDate "2021.10.06"]
[SourceVersion "1"]
[SourceVersionDate "2021.10.06"]
[SourceQuality "1"]

1. e4 c5 2. Nf3 d6 3. d4 cxd4 4. Nxd4 Nf6 5. Nc3 Nc6 6. Bg5 e6 7. Qd2 a6 8. 0-0-0 Be7 9. f4 Bd7 10. Be2 h6 11. Bh4 b5 12. Bf3 b4 13. Nce2 Qa5 14. Kb1 Rc8 15. Nb3 Qc7 16. Bf2 a5 17. Nbd4 Nxd4 18. Nxd4 e5 19. fxe5 dxe5 20. Bg3 g6 21. Ne2 0-0 22. c3 Kh7 23. h4 Rfd8 24. h5 g5 25. Nd4 bxc3 26. Qc2 Rb8 27. b3 a4 28. Rd3 Qa5 29. Nf5 axb3 30. axb3 Ra8 31. Kc1 Ba3+ 32. Kd1 Bxf5 0-1